Here begynneth the boke of knowledge of thynges vnknowen apperteynyuge [sic] to astronomye : with certayne necessarye rules, and certayne speres contaynyng herein compyled by Godfridus super Palladum [sic] de agricultura Anglicatum [sic].

Bibliographic Details
Main Author: Godfridus
Other Authors: Palladius, Rutilius Taurus Aemilianus
Format: eBook
Language:English
Published: [[London] : Imprynted by me Robert Wyer dwellynge at the sygne of S. Iohn̄ Euangelyst, in S. Martyns parysshe, besyde Charynge Crosse, [1556?]]
Series:Early English books online.
Subjects:
Online Access:Connect to the full text of this electronic book

MARC

Tag First Indicator Second Indicator Subfields
LEADER 00000nam a2200000 4500
001 in00004222600
005 20200806095837.0
006 m g d
007 cr bn |||a|bb|
008 910403s1556 enk o 00| | eng d
035 |a (UnM)99841468 
037 |a CL0036000002  |b ProQuest. 789 E. Eisenhower Parkway, Ann Arbor, MI 48108-3218 
040 |a Cu-RivES  |c Cu-RivES  |d CStRLIN  |e dcrb  |d WaOLN 
100 0 |a Godfridus. 
240 1 0 |a Booke of astronomye 
245 0 0 |a Here begynneth the boke of knowledge of thynges vnknowen apperteynyuge [sic] to astronomye :  |b with certayne necessarye rules, and certayne speres contaynyng herein compyled by Godfridus super Palladum [sic] de agricultura Anglicatum [sic]. 
246 2 |a Booke of astronomye. 
246 2 |a Here begynneth the boke of knowledge of thynges vnknowen apperteynyuge to astronomye. 
246 2 |a Here begynneth the boke of knowledge of thynges unknowen apperteynynge to astronomye. 
246 2 |a Booke of knowledge. 
260 |a [[London] :  |b Imprynted by me Robert Wyer dwellynge at the sygne of S. Iohn̄ Euangelyst, in S. Martyns parysshe, besyde Charynge Crosse,  |c [1556?]] 
300 |a 1 online resource ([80] pages :  |b illustrations. 
336 |a text  |b txt  |2 rdacontent 
337 |a computer  |b c  |2 rdamedia 
338 |a online resource  |b cr  |2 rdacarrier 
500 |a Latin original, if any, not traced. 
500 |a Printer's name and address from colophon; publication date conjectured by STC. 
500 |a Signatures: A-K⁴. 
500 |a Running title reads: The booke of knowledge. 
500 |a Reproduction of the original in the British Library. 
510 4 |a STC (2nd edition)  |c 11931. 
533 |a Electronic reproduction.  |b Ann Arbor, Mich. :  |c UMI,  |d 1999-  |f (Early English books online)  |n Digital version of: (Early English books, 1475-1640 ; 50:04)  |7 s1999 miun s 
650 0 |a Astrology  |v Early works to 1800. 
700 1 |a Palladius, Rutilius Taurus Aemilianus.  |t De re rustica. 
830 0 |a Early English books online. 
856 4 0 |u http://proxy.library.tamu.edu/login?url=https://search.proquest.com/docview/2240882002  |z Connect to the full text of this electronic book  |t 0 
999 f f |s 16679b85-339f-35ad-a352-5aa2186e68ba  |i b81a9951-9a6f-30de-aecd-5face01d9efd  |t 0 
952 f f |a Texas A&M University  |b College Station  |c Electronic Resources  |d Available Online  |t 0  |h No information provided 
998 f f |t 0  |l Available Online